| 000 | 00401nam a22001697a 4500 | ||
|---|---|---|---|
| 003 | CEME | ||
| 005 | 20210628203054.0 | ||
| 008 | 210120b xxu||||| |||| 00| 0 eng d | ||
| 040 | _c. | ||
| 082 | _a891.4394 JAV | ||
| 100 |
_aJaved Choudhary _911555 |
||
| 245 | _aZero point-3 | ||
| 260 |
_aLAHORE _bILIM-O-IRFAN _c2007 |
||
| 300 | _a416 | ||
| 650 |
_aZERO POINT-3 _963163 |
||
| 942 |
_cBK _2ddc |
||
| 999 |
_c572073 _d572073 |
||